Cities and landscapes of Germany by image - Statistics

General Stats
  • This quiz has been taken 48 times
    37 since last reset
  • The average score is 13 of 24
Answer Stats
Picture Answer % Correct
Berlin
97%
Cologne
94%
Munich
91%
Frankfurt
83%
Hamburg
83%
Neuschwanstein Castle
80%
Dresden
71%
Potsdam
63%
Trier
63%
Bremen
57%
Lubeck
57%
Heidelberg
54%
Aachen
51%
Dachau
51%
Dusseldorf
46%
Black Forest/Schwarzwald
43%
Stuttgart
40%
Bamberg
34%
Nuremberg
31%
Ratisbon/Regensburg
31%
Berchtesgaden
14%
Rhine Valley/Rhine Gorge
14%
Weimar
9%
Saxon Switzerland National Park
6%
No matching quizzes found
Score Distribution
Percent of People with Each Score
Percentile by Number Answered
Your Score History
You have not taken this quiz since the last reset